[Event "CECLUB Segunda División"]
[Site "Linares"]
[Date "2017.08.11"]
[Round "5"]
[White "Ortiz Aviles, Javier"]
[Black "Barlov, Dragan"]
[Result "0-1"]
[Board "2"]
[WhiteElo "2138"]
[WhiteCountry "ESP"]
[WhiteFideId "22202870"]
[WhiteEloChange "-3"]
[BlackTitle "GM"]
[BlackElo "2425"]
[BlackCountry "SRB"]
[BlackFideId "900214"]
[BlackEloChange "2"]

1. Na3 {[%clk 1:30:50]} e5 {[%clk 1:29:13]} 2. e3 {[%clk 1:31:11]} d5 {[%clk
1:28:49]} 3. d4 {[%clk 1:31:29]} e4 {[%clk 1:26:05]} 4. c4 {[%clk 1:30:51]} c6
{[%clk 1:24:52]} 5. Qb3 {[%clk 1:26:32]} Nf6 {[%clk 1:19:22]} 6. Ne2 {[%clk
1:13:07]} Bxa3 {[%clk 1:04:03]} 7. Qxa3 {[%clk 0:31:08]} dxc4 {[%clk 1:02:11]} 8.
Bd2 {[%clk 0:30:43]} Nbd7 {[%clk 0:40:15]} 9. Rc1 {[%clk 0:18:43]} b5 {[%clk
0:25:48]} 10. b3 {[%clk 0:16:05]} Nb6 {[%clk 0:12:32]} 11. Ba5 {[%clk 0:13:47]}
Qe7 {[%clk 0:12:06]} 12. Bb4 {[%clk 0:13:43]} Qb7 {[%clk 0:11:19]} 13. Ng3 {[%clk
0:10:07]} a5 {[%clk 0:10:05]} 14. Bc5 {[%clk 0:07:44]} Be6 {[%clk 0:04:28]} 15.
bxc4 {[%clk 0:04:54]} b4 {[%clk 0:03:20]} 16. Qb3 {[%clk 0:05:02]} Qc7 {[%clk
0:03:21]} 17. a3 {[%clk 0:03:54]} Nbd7 {[%clk 0:03:25]} 18. axb4 {[%clk 0:03:48]}
Nxc5 {[%clk 0:02:52]} 19. bxc5 {[%clk 0:04:05]} O-O {[%clk 0:02:53]} 20. Be2
{[%clk 0:04:12]} a4 {[%clk 0:01:41]} 21. Qc3 {[%clk 0:04:29]} Rfb8 {[%clk
0:01:25]} 22. O-O {[%clk 0:04:38]} Qb7 {[%clk 0:01:12]} 23. Qc2 {[%clk 0:04:53]}
Qb2 {[%clk 0:01:01]} 24. Nxe4 {[%clk 0:04:49]} Nxe4 {[%clk 0:01:21]} 25. Qxe4
{[%clk 0:05:14]} Qxe2 {[%clk 0:01:42]} 26. d5 {[%clk 0:05:25]} Qg4 {[%clk
0:01:27]} 27. Qd3 {[%clk 0:01:55]} Bf5 {[%clk 0:01:49]} 28. Qd2 {[%clk 0:02:13]}
a3 {[%clk 0:01:47]} 29. f3 {[%clk 0:01:58]} Qg5 {[%clk 0:02:06]} 30. Ra1 {[%clk
0:01:37]} h5 {[%clk 0:01:51]} 31. Qc3 {[%clk 0:02:03]} Rb2 {[%clk 0:01:29]} 32.
Rf2 {[%clk 0:02:13]} Rxf2 {[%clk 0:01:09]} 33. Kxf2 {[%clk 0:02:42]} Qh4+ {[%clk
0:00:49]} 34. Kg1 {[%clk 0:03:03]} a2 {[%clk 0:01:08]} 35. e4 {[%clk 0:02:01]}
Bd7 {[%clk 0:01:16]} 36. Qb2 {[%clk 0:01:55]} Qf4 {[%clk 0:01:05]} 37. Rxa2
{[%clk 0:00:33]} Rb8 {[%clk 0:00:52]} 38. Qa1 {[%clk 0:00:32]} Qe3+ {[%clk
0:01:05]} 39. Kh1 {[%clk 0:00:54]} Qxc5 {[%clk 0:01:00]} 40. Qc1 {[%clk 0:00:32]}
cxd5 {[%clk 0:01:12]} 41. exd5 {[%clk 0:00:53]} Qxc4 {[%clk 0:01:04]} 42. Rc2
{[%clk 0:00:46]} Qxd5 {[%clk 0:01:16]} 43. h3 {[%clk 0:00:49]} Bf5 {[%clk
0:01:07]} 44. Rd2 {[%clk 0:00:47]} Qe5 {[%clk 0:01:11]} 45. f4 {[%clk 0:00:46]}
Qe4 {[%clk 0:01:23]} 46. Kh2 {[%clk 0:00:26]} Qxf4+ {[%clk 0:00:52]} 47. g3
{[%clk 0:00:26]} Qe5 {[%clk 0:01:02]} 0-1

[Event "CECLUB Segunda División"]
[Site "Linares"]
[Date "2017.08.11"]
[Round "5"]
[White "Garcia Padron, Jose"]
[Black "Arboledas Fernandez, Antonio A."]
[Result "1-0"]
[Board "3"]
[WhiteTitle "IM"]
[WhiteElo "2432"]
[WhiteCountry "ESP"]
[WhiteFideId "2200120"]
[WhiteEloChange "1"]
[BlackElo "2104"]
[BlackCountry "ESP"]
[BlackFideId "2290219"]
[BlackEloChange "-3"]

1. c4 {[%clk 1:29:35]} e5 {[%clk 1:28:30]} 2. Nc3 {[%clk 1:29:58]} Nc6 {[%clk
1:26:48]} 3. g3 {[%clk 1:30:15]} f5 {[%clk 1:24:36]} 4. Bg2 {[%clk 1:30:38]} Nf6
{[%clk 1:24:48]} 5. d3 {[%clk 1:30:59]} d6 {[%clk 1:24:18]} 6. Rb1 {[%clk
1:29:44]} h6 {[%clk 1:23:36]} 7. b4 {[%clk 1:28:18]} g5 {[%clk 1:17:52]} 8. Qa4
{[%clk 1:27:13]} Qd7 {[%clk 1:13:42]} 9. e3 {[%clk 1:22:47]} Bg7 {[%clk 1:13:51]}
10. Nge2 {[%clk 1:23:11]} O-O {[%clk 1:12:48]} 11. b5 {[%clk 1:14:57]} Ne7 {[%clk
1:12:07]} 12. O-O {[%clk 1:15:02]} Kh8 {[%clk 1:11:38]} 13. f4 {[%clk 1:12:32]}
Ng6 {[%clk 1:09:45]} 14. Bd2 {[%clk 1:10:24]} Qe7 {[%clk 1:08:50]} 15. Kh1 {[%clk
1:09:46]} a6 {[%clk 0:57:06]} 16. Qa3 {[%clk 1:06:28]} e4 {[%clk 0:49:16]} 17.
Nd5 {[%clk 0:42:35]} Nxd5 {[%clk 0:46:35]} 18. cxd5 {[%clk 0:42:59]} gxf4 {[%clk
0:46:17]} 19. exf4 {[%clk 0:42:15]} Bd7 {[%clk 0:45:50]} 20. dxe4 {[%clk
0:40:21]} Bxb5 {[%clk 0:45:24]} 21. Rfe1 {[%clk 0:39:42]} Qd7 {[%clk 0:42:14]}
22. Nc3 {[%clk 0:37:06]} c5 {[%clk 0:38:27]} 23. exf5 {[%clk 0:35:17]} Qxf5
{[%clk 0:37:57]} 24. Be4 {[%clk 0:32:44]} Qg4 {[%clk 0:37:30]} 25. Qb3 {[%clk
0:32:18]} Bd3 {[%clk 0:35:03]} 26. Qd1 {[%clk 0:27:49]} Bxe4+ {[%clk 0:32:36]}
27. Nxe4 {[%clk 0:27:14]} Qf5 {[%clk 0:32:04]} 28. Rxb7 {[%clk 0:22:54]} Bd4
{[%clk 0:29:31]} 29. Bc3 {[%clk 0:21:48]} Qxd5 {[%clk 0:29:10]} 30. Bxd4+ {[%clk
0:22:11]} cxd4 {[%clk 0:29:37]} 31. Rb4 {[%clk 0:22:18]} d3 {[%clk 0:29:02]} 32.
Qa1+ {[%clk 0:20:40]} Kh7 {[%clk 0:26:58]} 33. Rd4 {[%clk 0:20:15]} Qb7 {[%clk
0:26:04]} 34. Rxd3 {[%clk 0:19:55]} Rae8 {[%clk 0:25:20]} 35. Rde3 {[%clk
0:16:19]} Nxf4 {[%clk 0:13:01]} 36. gxf4 {[%clk 0:15:30]} Rxf4 {[%clk 0:13:28]}
37. Qd4 {[%clk 0:15:36]} Qf7 {[%clk 0:11:40]} 38. Ng5+ {[%clk 0:12:33]} hxg5
{[%clk 0:11:49]} 39. Qd3+ {[%clk 0:12:57]} Kg7 {[%clk 0:10:28]} 40. Rxe8 {[%clk
0:13:20]} Qb7+ {[%clk 0:10:54]} 41. R8e4 {[%clk 0:13:39]} 1-0

[Event "CECLUB Segunda División"]
[Site "Linares"]
[Date "2017.08.11"]
[Round "5"]
[White "Redondo Benavente, Ana"]
[Black "Bellon Lopez, Juan Manuel"]
[Result "1/2-1/2"]
[Board "4"]
[WhiteTitle "WFM"]
[WhiteElo "2022"]
[WhiteCountry "ESP"]
[WhiteFideId "32021674"]
[WhiteEloChange "7"]
[BlackTitle "GM"]
[BlackElo "2319"]
[BlackCountry "ESP"]
[BlackFideId "2200031"]
[BlackEloChange "-7"]

1. e4 {[%clk 1:30:58]} c5 {[%clk 1:27:53]} 2. c3 {[%clk 1:31:08]} d6 {[%clk
1:27:49]} 3. d4 {[%clk 1:31:17]} Nd7 {[%clk 1:28:14]} 4. Nf3 {[%clk 1:30:46]} e6
{[%clk 1:28:21]} 5. Bd3 {[%clk 1:30:51]} a6 {[%clk 1:27:49]} 6. a4 {[%clk
1:29:34]} Qc7 {[%clk 1:27:46]} 7. O-O {[%clk 1:27:42]} Ngf6 {[%clk 1:27:44]} 8.
Na3 {[%clk 1:25:32]} Be7 {[%clk 1:26:56]} 9. Re1 {[%clk 1:25:40]} e5 {[%clk
1:21:14]} 10. dxe5 {[%clk 1:15:51]} Nxe5 {[%clk 1:19:16]} 11. Nxe5 {[%clk
1:15:38]} dxe5 {[%clk 1:19:37]} 12. Nc4 {[%clk 1:15:58]} Be6 {[%clk 1:18:37]} 13.
a5 {[%clk 1:14:00]} Rd8 {[%clk 1:17:15]} 14. Qf3 {[%clk 1:06:13]} O-O {[%clk
1:14:52]} 15. Bg5 {[%clk 0:57:16]} h6 {[%clk 0:56:57]} 16. Bxf6 {[%clk 0:38:55]}
Bxf6 {[%clk 0:57:18]} 17. Qe2 {[%clk 0:38:12]} Bg5 {[%clk 0:50:25]} 18. Nb6
{[%clk 0:33:38]} c4 {[%clk 0:41:26]} 19. Bxc4 {[%clk 0:33:43]} Rd2 {[%clk
0:41:46]} 20. Qf1 {[%clk 0:34:09]} Rxb2 {[%clk 0:41:59]} 21. Nd5 {[%clk 0:31:04]}
Qc5 {[%clk 0:39:00]} 22. Re2 {[%clk 0:30:17]} Bd2 {[%clk 0:26:17]} 23. Ra2 {[%clk
0:23:53]} Rxa2 {[%clk 0:25:34]} 24. Bxa2 {[%clk 0:24:22]} Bg5 {[%clk 0:23:53]}
25. c4 {[%clk 0:22:01]} Qxa5 {[%clk 0:22:42]} 26. Qb1 {[%clk 0:22:18]} b5 {[%clk
0:20:31]} 27. cxb5 {[%clk 0:16:57]} axb5 {[%clk 0:20:46]} 28. Rc2 {[%clk
0:13:27]} Rc8 {[%clk 0:17:54]} 29. Rxc8+ {[%clk 0:12:29]} Bxc8 {[%clk 0:18:18]}
30. Nb4 {[%clk 0:11:19]} Qa3 {[%clk 0:14:41]} 31. Nd3 {[%clk 0:10:34]} Bf6 {[%clk
0:10:33]} 32. h3 {[%clk 0:10:17]} Bd7 {[%clk 0:08:57]} 33. Bd5 {[%clk 0:09:23]}
Qc3 {[%clk 0:08:58]} 34. Qa2 {[%clk 0:05:11]} Qxd3 {[%clk 0:09:01]} 35. Qa8+
{[%clk 0:05:36]} Kh7 {[%clk 0:08:48]} 36. Bxf7 {[%clk 0:05:57]} Bc8 {[%clk
0:03:03]} 37. Qxc8 {[%clk 0:05:54]} Qd1+ {[%clk 0:03:21]} 38. Kh2 {[%clk
0:06:18]} Qd8 {[%clk 0:03:50]} 39. Qf5+ {[%clk 0:02:58]} Kh8 {[%clk 0:04:14]} 40.
Be6 {[%clk 0:02:10]} Qe7 {[%clk 0:03:56]} 41. Bd5 {[%clk 0:02:26]} b4 {[%clk
0:03:15]} 42. Qc8+ {[%clk 0:02:50]} Qd8 {[%clk 0:03:43]} 43. Qe6 {[%clk 0:02:05]}
Be7 {[%clk 0:03:35]} 44. g3 {[%clk 0:02:12]} Qf8 {[%clk 0:03:22]} 45. Kg2 {[%clk
0:02:32]} Bc5 {[%clk 0:03:27]} 46. Qf7 {[%clk 0:01:40]} Qxf7 {[%clk 0:03:48]} 47.
Bxf7 {[%clk 0:02:08]} g5 {[%clk 0:03:57]} 48. h4 {[%clk 0:01:00]} Kg7 {[%clk
0:04:16]} 49. Bb3 {[%clk 0:01:25]} gxh4 {[%clk 0:04:00]} 50. gxh4 {[%clk
0:01:54]} Kf6 {[%clk 0:03:32]} 51. Kg3 {[%clk 0:02:09]} Ke7 {[%clk 0:03:43]} 52.
f4 {[%clk 0:02:25]} Kf6 {[%clk 0:01:27]} 53. fxe5+ {[%clk 0:01:08]} Kxe5 {[%clk
0:01:53]} 54. Kf3 {[%clk 0:01:05]} Be7 {[%clk 0:01:35]} 55. h5 {[%clk 0:00:58]}
Bg5 {[%clk 0:02:00]} 56. Bd5 {[%clk 0:01:02]} 1/2-1/2

[Event "CECLUB Segunda División"]
[Site "Linares"]
[Date "2017.08.11"]
[Round "5"]
[White "Suarez Garcia, Carlos"]
[Black "Cifuentes Parada, Roberto"]
[Result "1-0"]
[Board "1"]
[WhiteTitle "IM"]
[WhiteElo "2462"]
[WhiteCountry "ESP"]
[WhiteFideId "22230858"]
[WhiteEloChange "5"]
[BlackTitle "GM"]
[BlackElo "2474"]
[BlackCountry "ESP"]
[BlackFideId "2253488"]
[BlackEloChange "-5"]

1. Nf3 {[%clk 1:30:43]} d5 {[%clk 1:30:29]} 2. c4 {[%clk 1:31:03]} c6 {[%clk
1:30:52]} 3. g3 {[%clk 1:31:28]} Nf6 {[%clk 1:31:08]} 4. Bg2 {[%clk 1:31:51]} Bg4
{[%clk 1:31:19]} 5. Ne5 {[%clk 1:32:01]} Bf5 {[%clk 1:31:01]} 6. cxd5 {[%clk
1:30:27]} cxd5 {[%clk 1:31:18]} 7. Nc3 {[%clk 1:28:28]} e6 {[%clk 1:26:46]} 8. g4
{[%clk 1:28:52]} Bg6 {[%clk 1:27:02]} 9. h4 {[%clk 1:28:44]} Bd6 {[%clk 1:24:48]}
10. d4 {[%clk 1:18:41]} Ne4 {[%clk 1:17:55]} 11. Qa4+ {[%clk 1:12:47]} Kf8 {[%clk
1:08:56]} 12. Nxe4 {[%clk 1:11:12]} Bxe4 {[%clk 1:08:49]} 13. f3 {[%clk 1:11:35]}
Bg6 {[%clk 1:08:01]} 14. h5 {[%clk 1:10:45]} f6 {[%clk 1:07:55]} 15. hxg6 {[%clk
1:10:28]} fxe5 {[%clk 1:08:13]} 16. dxe5 {[%clk 1:06:22]} Bxe5 {[%clk 1:06:54]}
17. f4 {[%clk 1:05:54]} Bd6 {[%clk 1:06:36]} 18. f5 {[%clk 1:04:14]} exf5 {[%clk
1:04:44]} 19. gxf5 {[%clk 1:03:22]} Bg3+ {[%clk 0:58:52]} 20. Kd1 {[%clk
1:01:56]} h5 {[%clk 0:57:15]} 21. Qb3 {[%clk 1:00:04]} Be5 {[%clk 0:55:59]} 22.
Qxb7 {[%clk 0:59:14]} Nd7 {[%clk 0:55:52]} 23. Bg5 {[%clk 0:56:08]} Qe8 {[%clk
0:56:02]} 24. Qb4+ {[%clk 0:56:29]} 1-0

[Event "CECLUB Segunda División"]
[Site "Linares"]
[Date "2017.08.11"]
[Round "5"]
[White "Gines Esteo, Pedro Antonio"]
[Black "Aguera Naredo, Javier"]
[Result "1/2-1/2"]
[Board "2"]
[WhiteTitle "FM"]
[WhiteElo "2383"]
[WhiteCountry "ESP"]
[WhiteFideId "32080190"]
[BlackTitle "FM"]
[BlackElo "2386"]
[BlackCountry "ESP"]
[BlackFideId "2204169"]

1. d4 {[%clk 1:30:56]} Nf6 {[%clk 1:30:51]} 2. Nf3 {[%clk 1:31:21]} e6 {[%clk
1:31:00]} 3. e3 {[%clk 1:31:46]} b6 {[%clk 1:30:38]} 4. Bd3 {[%clk 1:32:04]} Bb7
{[%clk 1:30:56]} 5. O-O {[%clk 1:31:59]} Be7 {[%clk 1:31:13]} 6. c4 {[%clk
1:32:18]} O-O {[%clk 1:30:27]} 7. Nc3 {[%clk 1:32:43]} d5 {[%clk 1:30:34]} 8. b3
{[%clk 1:32:57]} c5 {[%clk 1:30:12]} 9. Bb2 {[%clk 1:33:15]} Nc6 {[%clk 1:29:52]}
10. dxc5 {[%clk 1:18:26]} dxc4 {[%clk 1:29:27]} 11. Bxc4 {[%clk 1:18:15]} Bxc5
{[%clk 1:28:25]} 12. Qe2 {[%clk 1:14:52]} Qe7 {[%clk 1:25:23]} 13. e4 {[%clk
1:03:24]} Nd4 {[%clk 1:04:09]} 14. Nxd4 {[%clk 1:03:32]} Bxd4 {[%clk 1:04:34]}
15. Bd3 {[%clk 0:55:49]} Rac8 {[%clk 1:03:10]} 16. Rac1 {[%clk 0:54:09]} e5
{[%clk 0:59:34]} 17. Ba6 {[%clk 0:39:57]} Bxa6 {[%clk 0:45:50]} 18. Qxa6 {[%clk
0:40:17]} Bxc3 {[%clk 0:46:16]} 19. Bxc3 {[%clk 0:39:00]} Nxe4 {[%clk 0:46:22]}
20. Bb4 {[%clk 0:38:58]} Nc5 {[%clk 0:46:46]} 21. Bxc5 {[%clk 0:39:03]} Rxc5
{[%clk 0:46:13]} 22. Rxc5 {[%clk 0:39:13]} bxc5 {[%clk 0:46:38]} 23. Rc1 {[%clk
0:34:17]} Rd8 {[%clk 0:44:54]} 24. h3 {[%clk 0:26:29]} e4 {[%clk 0:44:29]} 25.
Qc4 {[%clk 0:26:22]} e3 {[%clk 0:43:30]} 26. fxe3 {[%clk 0:26:46]} Qxe3+ {[%clk
0:43:54]} 27. Kh1 {[%clk 0:24:01]} g6 {[%clk 0:42:01]} 28. Rf1 {[%clk 0:19:07]}
Qe7 {[%clk 0:41:19]} 29. Rc1 {[%clk 0:17:32]} Qe5 {[%clk 0:40:51]} 30. Qa6 {[%clk
0:16:51]} Qf4 {[%clk 0:38:39]} 31. Qc4 {[%clk 0:14:03]} Qg5 {[%clk 0:34:33]} 32.
Rf1 {[%clk 0:13:06]} Rd7 {[%clk 0:33:05]} 33. Qf4 {[%clk 0:11:50]} Qxf4 {[%clk
0:26:39]} 34. Rxf4 {[%clk 0:12:18]} f5 {[%clk 0:26:56]} 35. Rc4 {[%clk 0:11:43]}
Rc7 {[%clk 0:27:12]} 36. b4 {[%clk 0:11:57]} Kf7 {[%clk 0:27:34]} 37. bxc5 {[%clk
0:12:11]} Ke6 {[%clk 0:27:57]} 38. Ra4 {[%clk 0:12:24]} Kd5 {[%clk 0:28:15]} 39.
Ra5 {[%clk 0:12:41]} Kc4 {[%clk 0:27:02]} 40. a3 {[%clk 0:12:51]} Kd4 {[%clk
0:24:23]} 41. Kh2 {[%clk 0:10:01]} f4 {[%clk 0:23:41]} 42. h4 {[%clk 0:09:57]}
Ke3 {[%clk 0:21:27]} 43. Kh3 {[%clk 0:07:44]} f3 {[%clk 0:21:26]} 44. gxf3 {[%clk
0:08:08]} Kxf3 {[%clk 0:21:52]} 45. Ra6 {[%clk 0:04:52]} Kf4 {[%clk 0:21:31]} 46.
Ra4+ {[%clk 0:03:58]} Kf3 {[%clk 0:20:20]} 47. Rc4 {[%clk 0:03:25]} Rc6 {[%clk
0:20:15]} 48. Ra4 {[%clk 0:01:31]} a6 {[%clk 0:20:31]} 49. Kh2 {[%clk 0:01:56]}
h6 {[%clk 0:19:43]} 50. Kh3 {[%clk 0:02:21]} g5 {[%clk 0:19:21]} 51. Rc4 {[%clk
0:02:40]} gxh4 {[%clk 0:18:53]} 52. Kxh4 {[%clk 0:02:28]} a5 {[%clk 0:18:48]} 53.
Kh3 {[%clk 0:01:20]} Ke3 {[%clk 0:19:01]} 54. Kg2 {[%clk 0:01:41]} Kd3 {[%clk
0:19:23]} 55. Rh4 {[%clk 0:02:03]} Kc3 {[%clk 0:17:49]} 56. Kf2 {[%clk 0:02:10]}
Kb3 {[%clk 0:18:10]} 57. Ke2 {[%clk 0:01:01]} Kxa3 {[%clk 0:17:53]} 58. Kd1
{[%clk 0:01:23]} Kb2 {[%clk 0:17:51]} 59. Rh2+ {[%clk 0:01:22]} Kb1 {[%clk
0:18:13]} 60. Kd2 {[%clk 0:00:54]} Rxc5 {[%clk 0:17:22]} 1/2-1/2

[Event "CECLUB Segunda División"]
[Site "Linares"]
[Date "2017.08.11"]
[Round "5"]
[White "Alvarez Fernandez, Enrique"]
[Black "Ereza Vizcarra, Fernando"]
[Result "1-0"]
[Board "3"]
[WhiteTitle "FM"]
[WhiteElo "2310"]
[WhiteCountry "ESP"]
[WhiteFideId "2227398"]
[WhiteEloChange "3"]
[BlackElo "1984"]
[BlackCountry "ESP"]
[BlackFideId "22268987"]
[BlackEloChange "-3"]

1. e4 {[%clk 1:30:43]} d6 {[%clk 1:29:36]} 2. d4 {[%clk 1:31:02]} Nf6 {[%clk
1:29:59]} 3. Nc3 {[%clk 1:31:24]} Nbd7 {[%clk 1:29:52]} 4. Nf3 {[%clk 1:31:43]}
e5 {[%clk 1:30:17]} 5. Bc4 {[%clk 1:32:06]} Be7 {[%clk 1:30:44]} 6. O-O {[%clk
1:32:27]} O-O {[%clk 1:30:36]} 7. Re1 {[%clk 1:32:40]} c6 {[%clk 1:30:28]} 8. a4
{[%clk 1:33:04]} b6 {[%clk 1:30:55]} 9. d5 {[%clk 1:32:47]} cxd5 {[%clk 1:27:32]}
10. Nxd5 {[%clk 1:28:30]} Bb7 {[%clk 1:27:21]} 11. b3 {[%clk 1:23:45]} Rc8 {[%clk
1:22:54]} 12. Ra2 {[%clk 1:18:32]} Nc5 {[%clk 1:20:38]} 13. Nxf6+ {[%clk
1:16:19]} Bxf6 {[%clk 1:20:02]} 14. Bd5 {[%clk 1:16:09]} Qe7 {[%clk 1:16:01]} 15.
Ba3 {[%clk 1:08:57]} Rfd8 {[%clk 1:15:14]} 16. g3 {[%clk 0:46:22]} g6 {[%clk
1:08:58]} 17. Rb2 {[%clk 0:46:12]} Qd7 {[%clk 1:04:58]} 18. c4 {[%clk 0:42:12]}
Bxd5 {[%clk 0:43:48]} 19. Qxd5 {[%clk 0:40:47]} h5 {[%clk 0:42:46]} 20. Bxc5
{[%clk 0:36:47]} bxc5 {[%clk 0:40:31]} 21. h4 {[%clk 0:35:26]} Rb8 {[%clk
0:37:38]} 22. Qd1 {[%clk 0:31:21]} Qe6 {[%clk 0:32:44]} 23. Rd2 {[%clk 0:30:48]}
Bg7 {[%clk 0:29:26]} 24. Rd3 {[%clk 0:29:31]} f5 {[%clk 0:19:05]} 25. Ng5 {[%clk
0:27:02]} Qf6 {[%clk 0:16:30]} 26. exf5 {[%clk 0:25:56]} Qxf5 {[%clk 0:16:22]}
27. Rf3 {[%clk 0:23:54]} Qg4 {[%clk 0:16:04]} 28. Qd5+ {[%clk 0:23:43]} Kh8
{[%clk 0:16:14]} 29. Nf7+ {[%clk 0:21:13]} Kh7 {[%clk 0:16:42]} 30. Nxd8 {[%clk
0:21:15]} Rxd8 {[%clk 0:17:07]} 31. Rf7 {[%clk 0:21:19]} Rd7 {[%clk 0:17:12]} 32.
Rxd7 {[%clk 0:21:27]} Qxd7 {[%clk 0:17:39]} 33. Rd1 {[%clk 0:21:39]} Qg4 {[%clk
0:17:55]} 34. Re1 {[%clk 0:20:42]} Qd7 {[%clk 0:17:30]} 35. Re3 {[%clk 0:20:14]}
Bf8 {[%clk 0:17:47]} 36. Rf3 {[%clk 0:20:24]} Kg7 {[%clk 0:18:14]} 37. a5 {[%clk
0:20:44]} a6 {[%clk 0:16:32]} 38. Qa8 {[%clk 0:19:53]} Be7 {[%clk 0:16:59]} 39.
Qxa6 {[%clk 0:19:34]} e4 {[%clk 0:17:20]} 40. Re3 {[%clk 0:19:25]} 1-0

[Event "CECLUB Segunda División"]
[Site "Linares"]
[Date "2017.08.11"]
[Round "5"]
[White "Escartin Lacasa, Jose"]
[Black "Arias Torio, Sergio"]
[Result "1-0"]
[Board "4"]
[WhiteElo "1959"]
[WhiteCountry "ESP"]
[WhiteFideId "32080042"]
[WhiteEloChange "14"]
[BlackElo "2109"]
[BlackCountry "ESP"]
[BlackFideId "2226472"]
[BlackEloChange "-14"]

1. d4 {[%clk 1:30:34]} d6 {[%clk 1:30:43]} 2. Nf3 {[%clk 1:30:19]} g6 {[%clk
1:31:06]} 3. Bf4 {[%clk 1:30:04]} Bg7 {[%clk 1:31:27]} 4. e3 {[%clk 1:29:53]} Nd7
{[%clk 1:31:42]} 5. h3 {[%clk 1:29:41]} c5 {[%clk 1:31:53]} 6. c3 {[%clk
1:29:17]} Ngf6 {[%clk 1:31:04]} 7. Be2 {[%clk 1:29:16]} O-O {[%clk 1:31:17]} 8.
O-O {[%clk 1:29:29]} a6 {[%clk 1:29:25]} 9. a4 {[%clk 1:29:05]} b6 {[%clk
1:29:44]} 10. Nbd2 {[%clk 1:26:48]} Bb7 {[%clk 1:29:59]} 11. Bh2 {[%clk 1:22:39]}
Nd5 {[%clk 1:22:03]} 12. Bd3 {[%clk 0:51:12]} Nc7 {[%clk 1:19:51]} 13. Qe2 {[%clk
0:51:27]} Rb8 {[%clk 0:43:48]} 14. c4 {[%clk 0:42:20]} Bc6 {[%clk 0:39:25]} 15.
Be4 {[%clk 0:28:05]} Bxe4 {[%clk 0:38:01]} 16. Nxe4 {[%clk 0:28:31]} Ne6 {[%clk
0:29:38]} 17. Rfd1 {[%clk 0:27:22]} Qc8 {[%clk 0:28:59]} 18. Nc3 {[%clk 0:27:00]}
Qb7 {[%clk 0:28:49]} 19. Rab1 {[%clk 0:05:25]} a5 {[%clk 0:17:57]} 20. Rd2 {[%clk
0:05:23]} Rbd8 {[%clk 0:16:53]} 21. Rbd1 {[%clk 0:05:13]} Nf6 {[%clk 0:17:09]}
22. d5 {[%clk 0:04:05]} Nc7 {[%clk 0:17:19]} 23. e4 {[%clk 0:04:31]} Nd7 {[%clk
0:14:09]} 24. e5 {[%clk 0:04:39]} Nxe5 {[%clk 0:05:09]} 25. Nxe5 {[%clk 0:05:02]}
dxe5 {[%clk 0:05:33]} 26. Bxe5 {[%clk 0:05:25]} Rd7 {[%clk 0:03:06]} 27. Bxg7
{[%clk 0:05:35]} Kxg7 {[%clk 0:03:35]} 28. Ne4 {[%clk 0:05:07]} Rfd8 {[%clk
0:03:34]} 29. Qf3 {[%clk 0:04:49]} Ne8 {[%clk 0:03:32]} 30. Ng5 {[%clk 0:03:17]}
Nd6 {[%clk 0:02:07]} 31. Re2 {[%clk 0:01:59]} h6 {[%clk 0:02:15]} 32. Qc3+ {[%clk
0:02:02]} Kg8 {[%clk 0:02:29]} 33. Nf3 {[%clk 0:02:14]} f6 {[%clk 0:01:15]} 34.
Qd3 {[%clk 0:01:15]} Kh7 {[%clk 0:00:40]} 35. Nh4 {[%clk 0:01:11]} Rg8 {[%clk
0:00:56]} 36. Rde1 {[%clk 0:01:04]} Rg7 {[%clk 0:01:12]} 37. Re3 {[%clk 0:01:18]}
Nf7 {[%clk 0:00:37]} 38. Rg3 {[%clk 0:01:00]} f5 {[%clk 0:00:32]} 39. Re6 {[%clk
0:00:39]} Ng5 {[%clk 0:00:47]} 40. Rxg6 {[%clk 0:00:33]} Rxg6 {[%clk 0:00:15]}
41. Qxf5 {[%clk 0:00:52]} Rd6 {[%clk 0:00:15]} 1-0

[Event "CECLUB Segunda División"]
[Site "Linares"]
[Date "2017.08.11"]
[Round "5"]
[White "Montoliu Cervero, Francisco"]
[Black "Vinuela Diaz, Saul"]
[Result "1/2-1/2"]
[Board "1"]
[WhiteTitle "FM"]
[WhiteElo "2384"]
[WhiteCountry "ESP"]
[WhiteFideId "2214814"]
[WhiteEloChange "-5"]
[BlackElo "2193"]
[BlackCountry "ESP"]
[BlackFideId "2239639"]
[BlackEloChange "5"]

1. e4 {[%clk 1:30:51]} c5 {[%clk 1:30:52]} 2. Nf3 {[%clk 1:31:06]} d6 {[%clk
1:31:13]} 3. d4 {[%clk 1:31:07]} cxd4 {[%clk 1:31:33]} 4. Nxd4 {[%clk 1:31:33]}
Nf6 {[%clk 1:31:49]} 5. Nc3 {[%clk 1:31:30]} a6 {[%clk 1:32:07]} 6. Be3 {[%clk
1:31:11]} e5 {[%clk 1:31:26]} 7. Nb3 {[%clk 1:31:27]} Be6 {[%clk 1:31:59]} 8. f3
{[%clk 1:31:02]} Be7 {[%clk 1:32:06]} 9. Qd2 {[%clk 1:30:52]} O-O {[%clk
1:32:13]} 10. O-O-O {[%clk 1:31:02]} a5 {[%clk 1:30:50]} 11. a4 {[%clk 1:28:12]}
Nc6 {[%clk 1:26:36]} 12. g4 {[%clk 1:26:16]} Nb4 {[%clk 1:25:00]} 13. g5 {[%clk
1:25:11]} Nh5 {[%clk 1:25:02]} 14. Kb1 {[%clk 1:21:38]} f5 {[%clk 1:20:51]} 15.
Bh3 {[%clk 1:09:43]} Qc8 {[%clk 1:11:31]} 16. exf5 {[%clk 0:58:54]} Bxf5 {[%clk
1:11:03]} 17. Bxf5 {[%clk 0:59:06]} Qxf5 {[%clk 1:10:06]} 18. Nd5 {[%clk
0:57:57]} Nxd5 {[%clk 1:07:55]} 19. Qxd5+ {[%clk 0:58:21]} Kh8 {[%clk 1:06:37]}
20. Qxb7 {[%clk 0:55:12]} Rfc8 {[%clk 0:56:53]} 21. Rd3 {[%clk 0:48:02]} Bxg5
{[%clk 0:51:26]} 22. Bxg5 {[%clk 0:36:35]} Qxg5 {[%clk 0:51:35]} 23. Rxd6 {[%clk
0:36:31]} Qg2 {[%clk 0:48:09]} 24. Rhd1 {[%clk 0:33:57]} Qxc2+ {[%clk 0:41:57]}
25. Ka2 {[%clk 0:32:44]} Qc4 {[%clk 0:40:12]} 26. Qb5 {[%clk 0:27:45]} Qf4 {[%clk
0:31:34]} 27. Qxa5 {[%clk 0:22:03]} Qxa4+ {[%clk 0:28:27]} 28. Qxa4 {[%clk
0:22:28]} Rxa4+ {[%clk 0:28:48]} 29. Kb1 {[%clk 0:22:57]} Kg8 {[%clk 0:28:19]}
30. Rd8+ {[%clk 0:20:22]} Rxd8 {[%clk 0:28:43]} 31. Rxd8+ {[%clk 0:20:48]} Kf7
{[%clk 0:29:08]} 32. Nc5 {[%clk 0:21:07]} Rh4 {[%clk 0:26:38]} 33. Rd2 {[%clk
0:21:05]} Nf6 {[%clk 0:26:04]} 34. Ka2 {[%clk 0:20:18]} g5 {[%clk 0:21:40]} 35.
Re2 {[%clk 0:16:36]} g4 {[%clk 0:19:34]} 36. fxg4 {[%clk 0:15:42]} Nxg4 {[%clk
0:19:37]} 37. Re4 {[%clk 0:16:00]} h5 {[%clk 0:19:44]} 38. b4 {[%clk 0:14:22]}
Rxh2+ {[%clk 0:16:20]} 39. Kb3 {[%clk 0:13:37]} Ke7 {[%clk 0:15:46]} 40. b5
{[%clk 0:13:23]} Rh1 {[%clk 0:14:46]} 41. Kb2 {[%clk 0:13:24]} Kd6 {[%clk
0:13:52]} 42. b6 {[%clk 0:13:15]} Rh2+ {[%clk 0:11:34]} 43. Ka3 {[%clk 0:10:39]}
Kxc5 {[%clk 0:09:39]} 44. b7 {[%clk 0:10:47]} Rh3+ {[%clk 0:09:45]} 45. Kb2
{[%clk 0:10:58]} Rh2+ {[%clk 0:10:03]} 46. Kc3 {[%clk 0:10:42]} Rh3+ {[%clk
0:10:15]} 47. Kb2 {[%clk 0:11:03]} 1/2-1/2